After you say I do. (Record no. 14659)

000 -LEADER
fixed length control field 00738nam a2200229 a 4500
001 - CONTROL NUMBER
control field :::00012492$&:&@@
003 - CONTROL NUMBER IDENTIFIER
control field OkBaRHE
005 - DATE AND TIME OF LATEST TRANSACTION
control field 20000607103419.0
008 - FIXED-LENGTH DATA ELEMENTS--GENERAL INFORMATION
fixed length control field s1979 j 000 0 eng u
040 ## - CATALOGING SOURCE
Transcribing agency
100 1# - MAIN ENTRY--PERSONAL NAME
Personal name Roberts, Wes, et al.
245 10 - TITLE STATEMENT
Title After you say I do.
260 ## - PUBLICATION, DISTRIBUTION, ETC. (IMPRINT)
Place of publication, distribution, etc Eugene, OR., :
Name of publisher, distributor, etc Harvest House Publishers
Date of publication, distribution, etc c1979
300 ## - PHYSICAL DESCRIPTION
Extent 80 p. ;
Dimensions 28 cm.
650 ## - SUBJECT ADDED ENTRY--TOPICAL TERM
Topical term or geographic name as entry element Marriage
General subdivision Handbooks
650 ## - SUBJECT ADDED ENTRY--TOPICAL TERM
Topical term or geographic name as entry element Marriage Counseling
700 ## - ADDED ENTRY--PERSONAL NAME
Personal name Roberts, Judy.
700 ## - ADDED ENTRY--PERSONAL NAME
Personal name Wright, H. Norman.
942 ## - ADDED ENTRY ELEMENTS (KOHA)
Source of classification or shelving scheme
Koha item type Books
Copies
Withdrawn status Permanent Location Copy number Barcode Koha item type Source of classification or shelving scheme Date acquired Not for loan Price effective from Date last seen Damaged status Full call number Lost status Shelving location
 RHEMA Bible Training College112492Books 2010-04-14 2010-04-142010-04-14 HQ 734 .R6 General Stacks
 RHEMA Bible Training College215949Books 2010-04-14 2010-04-142010-04-14 HQ 734 .R6 General Stacks